| 000 | 00606nam a2200181 a 4500 | ||
|---|---|---|---|
| 005 | 20210223123315.0 | ||
| 008 | 991125s1988 mx 000 0 spa u | ||
| 020 | _a9688950610 | ||
| 035 | _aUPN01000051159 | ||
| 049 | _aCG | ||
| 050 | 4 |
_aLE7.3731 G246 _bM4.7 1988 |
|
| 100 | 1 |
_aMendoza Cornejo, Alfredo, _d1951- _929298 |
|
| 245 | 1 | 3 |
_aLa reforma universitaria de 1933 : _borĂgenes, desarrollo y consecuencias en la Universidad de Guadalajara / _cAlfredo Mendoza Cornejo. |
| 260 |
_aGuadalajara : _bU de G, _c1988. |
||
| 300 | _a2 v. | ||
| 610 | 2 | 4 |
_aUNIVERSIDAD DE GUADALAJARA - _xHISTORIA |
| 905 | _aLibro | ||
| 999 |
_c51159 _d51159 |
||